| 000 | 00464nam a2200169 i 4500 | ||
|---|---|---|---|
| 001 | 54556 | ||
| 003 | ES-MaACL | ||
| 005 | 20230906162957.0 | ||
| 007 | t| | ||
| 008 | 031223s18801890fr ||||1| fre d | ||
| 100 | 1 |
_aMichel, Francisque. _980892 |
|
| 245 | 1 | 0 |
_aRapport sur une mission en Espagne / _cpar M. Francisque-Michel. |
| 260 |
_a[s.l. : _bs.n., _c188-?] |
||
| 300 |
_aP. 269-288 ; _c24 cm. |
||
| 500 | _aEs una separata. | ||
| 852 |
_aES-MaACL _jT-1346-F-3 |
||
| 999 |
_c54556 _d54556 |
||